NBA 2K22 90s Club - Statistics

General Stats
  • This quiz has been taken 459 times
    403 since last reset
  • The average score is 17 of 18
Answer Stats
Club Position Overall Player % Correct
Milwaukee Bucks PF/C 97 Giannis Antetokounmpo
99%
Philadelphia 76ers C 95 Joel Embiid
99%
Los Angeles Lakers SF/PG 96 LeBron James
99%
Dallas Mavericks PG/SF 93 Luka Doncic
99%
Denver Nuggets C 96 Nikola Jokic
99%
Golden State Warriors PG/SG 96 Stephen Curry
99%
Portland Trail Blazers PG 90 Damian Lillard
98%
Memphis Grizzlies PG 92 Ja Morant
98%
Miami Heat SF/PF 94 Jimmy Butler
98%
Los Angeles Clippers SF/PF 95 Kawhi Leonard
98%
Brooklyn Nets PF/SF 96 Kevin Durant
98%
Brooklyn Nets PG/SG 91 Kyrie Irving
98%
Atlanta Hawks PG 91 Trae Young
98%
Los Angeles Lakers PF/C 92 Anthony Davis
97%
Phoenix Suns SG/PG 90 Devin Booker
97%
Brooklyn Nets SG/PG 90 James Harden
93%
Chicago Bulls SF/PF 90 DeMar DeRozan
92%
Utah Jazz C 90 Rudy Gobert
89%
No matching quizzes found
Score Distribution
Percent of People with Each Score
Percentile by Number Answered
Your Score History
You have not taken this quiz since the last reset